000 00234nam a22000857a 4500
008 170111b xxu||||| |||| 00| 0 eng d
100 _92311
_aDavid. R
245 _aFrank Environmental Education-10
260 _aNew Delhi
_bFrank Brothers
_c2005
999 _c5230
_d5230